Score 0/19 Timer 02:00
0 Plays Today
Clue 4-Letter Answer % Correct
At no costFREE
98.4%
Unwanted plant in a gardenWEED
97.6%
Forest plantTREE
97.4%
Give nutrition toFEED
97.1%
Astaire or Flintstone, e.g.FRED
97%
Fuse pieces of metal togetherWELD
95.5%
Peace birdDOVE
95.4%
Affectionate letter closing
[Rung 1][Rung 13]: Westley's quest in 'The Princess Bride'
[Rung 13][Rung 19]: American TV show set on a cruise ship
💛 LOVE 💛
93.2%
Fail to keepLOSE
92.3%
Arrange onself for a picturePOSE
91.5%
Clue 4-Letter Answer % Correct
Water-filled trench around a castleMOAT
89.9%
Having the greatest number of somethingMOST
89.5%
Small ship
[Rung 13][Rung 19]: American TV show set on a cruise ship
💛 BOAT 💛
89.2%
Upright support, as in a hockey or soccer goalPOST
88.3%
Not made up
[Rung 1][Rung 13]: Westley's quest in 'The Princess Bride'
💛 TRUE 💛
85.1%
Font style of this clueBOLD
82.3%
Elevated tract of open countryWOLD
77.2%
Give (out)DOLE
76.1%
The trunk of a [Rung 2]BOLE
68.8%

Today's Daily Dose

Remove Ads.
Support Sporcle.
Get the best of Sporcle when you Go Orange. This ad-free experience offers more features, more stats, and more fun while also helping to support Sporcle. Thank you for becoming a member.

You're not logged in!

Compare scores with friends on all Sporcle quizzes.
OR
Log In

Show Comments

Extras

Top Quizzes Today


Score Distribution

Your Account Isn't Verified!

In order to create a playlist on Sporcle, you need to verify the email address you used during registration. Go to your Sporcle Settings to finish the process.

Report this User

Report this user for behavior that violates our Community Guidelines.

Details: